[Event "73rd ch-ARM 2013"]
[Site "Yerevan ARM"]
[Date "2013.01.16"]
[Round "5.4"]
[White "Ter-Sahakyan, Samvel"]
[Black "Pashikian, Arman"]
[Result "0-1"]
[WhiteElo "2567"]
[BlackElo "2607"]
[PlyCount "173"]
[EventDate "2013.01.12"]
[Source "Chess Today"]
[SourceDate "2013.01.21"]

1. e4 e5 2. Nf3 Nc6 3. Bb5 Nf6 4. d3 Bc5 5. c3 O-O 6. O-O d6 7. h3 Bb6 8. Re1
h6 9. Nbd2 Bd7 10. Nc4 Ne7 11. Bxd7 Qxd7 12. d4 exd4 13. Nxd4 Ng6 14. Nxb6 axb6
15. Qf3 d5 16. exd5 Qxd5 17. Qxd5 Nxd5 18. Bd2 Rfd8 19. g3 c5 20. Nf3 b5 21.
Rec1 Nf8 22. c4 bxc4 23. Rxc4 Ne6 24. a3 b5 25. Rcc1 Nb6 26. Bc3 Na4 27. Rc2
Rd3 28. Ne1 Rd5 29. Kf1 c4 30. Bb4 Rad8 31. Nf3 Rd3 32. Ne5 Rd1+ 33. Rxd1 Rxd1+
34. Ke2 Rb1 35. Bc3 Nxc3+ 36. bxc3 Ra1 37. Rb2 f6 38. Nf3 Rxa3 39. Rxb5 Rxc3
40. Rb7 Kf8 41. Rb4 Rc2+ 42. Ke3 Nc7 43. Rb8+ Ke7 44. Nd4 Nd5+ 45. Ke4 Nc3+ 46.
Kf3 Rd2 47. Nf5+ Kd7 48. Ne3 Nd1 49. Nxc4 Rxf2+ 50. Ke4 Ke6 51. Rb7 g5 52. Rb6+
Kf7 53. Rd6 Rf1 54. Nd2 Re1+ 55. Kf3 Re3+ 56. Kg2 Nc3 57. Nf1 Re5 58. g4 Nd5
59. Ng3 Nf4+ 60. Kf3 Ra5 61. Nf5 h5 62. Rd7+ Ke8 63. Rb7 h4 64. Nd6+ Kf8 65.
Rb8+ Ke7 66. Nf5+ Ke6 67. Re8+ Kd7 68. Re7+ Kd8 69. Rf7 Ra3+ 70. Ke4 Ra4+ 71.
Kf3 Nxh3 72. Rxf6 Ng1+ 73. Ke3 Rxg4 74. Nh6 Rg3+ 75. Kf2 Nh3+ 76. Ke2 Nf4+ 77.
Kf2 Nd3+ 78. Ke2 h3 79. Nf5 Nf4+ 80. Kf2 Rg2+ 81. Kf3 Nh5 82. Rh6 g4+ 83. Ke3
Ng3 84. Rh8+ Kc7 85. Rh7+ Kb6 86. Nh6 h2 87. Kd4 0-1

[Event "73rd ch-ARM 2013"]
[Site "Yerevan ARM"]
[Date "2013.01.18"]
[Round "6.1"]
[White "Andriasian, Zaven"]
[Black "Melkumyan, Hrant"]
[Result "1/2-1/2"]
[WhiteElo "2598"]
[BlackElo "2656"]
[PlyCount "87"]
[EventDate "2013.01.12"]
[Source "Chess Today"]
[SourceDate "2013.01.21"]

1. e4 e5 2. Nf3 Nc6 3. Bc4 Bc5 4. b4 Bxb4 5. c3 Ba5 6. d4 exd4 7. Qb3 Qf6 8.
O-O Bb6 9. e5 Qf5 10. cxd4 Na5 11. Qc3 Nxc4 12. Qxc4 Ne7 13. Ba3 d6 14. exd6
cxd6 15. Bxd6 Be6 16. Qa4+ Nc6 17. Nc3 Qa5 18. Qc2 Rd8 19. Ne4 Qd5 20. Be5 Nxe5
21. dxe5 O-O 22. Nd6 h6 23. Rfd1 Qc6 24. Qe2 Qa4 25. Rd2 Rd7 26. Rc1 Rfd8 27.
h3 Qf4 28. Rcd1 Bc5 29. Nd4 Bxd6 30. Nxe6 fxe6 31. g3 Qf8 32. Rd4 Kh8 33. Kg2
a6 34. f4 b5 35. Qd3 Kg8 36. exd6 Rc8 37. Qe4 Qf5 38. Qxf5 exf5 39. R1d2 Kf7
40. Rd5 g6 41. g4 Rc4 42. gxf5 Rxf4 43. fxg6+ Kxg6 44. Kg3 1/2-1/2

[Event "73rd ch-ARM 2013"]
[Site "Yerevan ARM"]
[Date "2013.01.18"]
[Round "6.2"]
[White "Pashikian, Arman"]
[Black "Grigoryan, Avetik"]
[Result "1/2-1/2"]
[WhiteElo "2607"]
[BlackElo "2599"]
[PlyCount "195"]
[EventDate "2013.01.12"]
[Source "Chess Today"]
[SourceDate "2013.01.21"]

1. d4 d5 2. c4 c6 3. Nc3 dxc4 4. e3 b5 5. a4 b4 6. Ne4 Qd5 7. Ng3 Nf6 8. Be2
Ba6 9. e4 Nxe4 10. Bf3 f5 11. N1e2 g6 12. Nf4 Qf7 13. O-O Ng5 14. d5 Bb7 15.
Re1 Nxf3+ 16. Qxf3 cxd5 17. Ne6 Nd7 18. Nc7+ Kd8 19. Ne6+ Ke8 20. Bf4 h6 21.
Rad1 Qf6 22. Nh5 Qh4 23. Qe3 gxh5 24. Nc7+ Kd8 25. Nxd5 Rg8 26. g3 Rg6 27. Qd4
e5 28. Rxe5 Bd6 29. Rxf5 Qg4 30. Rf7 Ne5 31. Bxe5 Qxd4 32. Bxd4 Bxd5 33. Rg7
Be4 34. Rxg6 Bxg6 35. Bc5 Bd3 36. Bxd6 a5 37. Bf4 Ra6 38. b3 Kc8 39. bxc4 Bc2
40. Rd2 b3 41. Be5 Rb6 42. Rd5 b2 43. Bxb2 Rxb2 44. f3 h4 45. Rxa5 Bd1 46. Rh5
Bxf3 47. Rxh6 hxg3 48. hxg3 Kd7 49. Rh2 Rb1+ 50. Kf2 Rb2+ 51. Kg1 Be2 52. Rf2
Rb1+ 53. Kg2 Bxc4 54. Kh3 Ra1 55. Kh4 Ke6 56. g4 Rxa4 57. Rf4 Ke5 58. Kg5 Rb4
59. Rf5+ Ke4 60. Rf6 Ke5 61. Rf5+ Ke6 62. Rf6+ Ke7 63. Rf4 Rb5+ 64. Rf5 Rb6 65.
Rf4 Be6 66. Kh4 Rb5 67. Kg3 Kd6 68. Re4 Bd5 69. Rf4 Ke5 70. Rf5+ Ke4 71. Rf4+
Ke3 72. Rf5 Rb3 73. Rf8 Rb1 74. Re8+ Be4 75. Re7 Rf1 76. Re6 Rg1+ 77. Kh4 Kf4
78. Rf6+ Ke5 79. Rf7 Bd5 80. Rf5+ Ke4 81. Rf6 Bc4 82. Rb6 Be2 83. Rb4+ Ke3 84.
Rb3+ Kf2 85. Rb4 Rc1 86. Rf4+ Bf3 87. Rb4 Rc8 88. Rb2+ Be2 89. Kg5 Rg8+ 90. Kf5
Ke3 91. Rxe2+ Kxe2 92. g5 Kf3 93. g6 Ra8 94. g7 Kg3 95. Kg6 Kf4 96. Kh7 Ra7 97.
Kh8 Rxg7 98. Kxg7 1/2-1/2

[Event "73rd ch-ARM 2013"]
[Site "Yerevan ARM"]
[Date "2013.01.18"]
[Round "6.3"]
[White "Aghasaryan, Robert"]
[Black "Ter-Sahakyan, Samvel"]
[Result "1/2-1/2"]
[WhiteElo "2443"]
[BlackElo "2567"]
[Annotator "Alex Baburin (www.chesstoday.net)"]
[PlyCount "139"]
[EventDate "2013.01.12"]
[Source "Chess Today"]
[SourceDate "2013.01.21"]

1. d4 d5 2. c4 c6 3. Nf3 Nf6 4. Qc2 dxc4 5. Qxc4 Bf5 6. g3 e6 7. Bg2 Be7 8. O-O
Nbd7 9. Nc3 O-O 10. Re1 Ne4 11. Qb3 Qb6 12. Nh4 Bxh4 13. gxh4 Ndf6 14. Nxe4
Bxe4 15. f3 Bd5 16. Qxb6 axb6 17. a3 Bc4 18. e4 b5 19. Re3 b4 20. b3 Bb5 21. a4
Rfd8 22. Re1 Bd3 23. Be3 Bc2 24. a5 Bxb3 25. Reb1 Bc4 26. Rxb4 b5 27. Bf1 Bxf1
28. Kxf1 Kf8 29. a6 Ke7 30. Rb2 Kd7 31. a7 Rdc8 32. Bf4 Nh5 33. Bb8 Nf6 34. Ra6
Kd8 35. Rba2 Nd7 36. Bd6 f6 37. Rg2 g6 38. h5 Ke8 39. hxg6 hxg6 40. Rxg6 Kf7
41. Rg2 e5 42. Rd2 exd4 43. Rxd4 c5 44. Rd1 c4 45. Ke2 c3 46. Ra5 Rc6 47. Bb4
Ne5 48. f4 Rc4 49. fxe5 Rxb4 50. Kd3 fxe5 51. Kxc3 Rxe4 52. Rd7+ Ke6 53. Rb7
Ra4 54. Rb6+ Kf5 55. Rxa4 bxa4 56. Ra6 Kf4 57. Rxa4+ Kf3 58. Ra6 e4 {Diagram #
White is clearly winning - the difference in power of the rooks is very
obvious.} {However, he started a strange manoeuvre:} 59. Rf6+ $4 ({All White
had to do was to play two accurate moves -} 59. Kd2 e3+ 60. Ke1 {and get a
point in the tournament cross-table.}) 59... Ke2 60. Rf7 e3 61. Re7 $2 ({Black
would have to work harder after} 61. Kb4 {though with precise play he can
still save the game -} Kd1 62. Rd7+ Ke1 63. Kb5 e2 64. Kb6 Rh8 65. Kb7 Kf2 66.
Rf7+ Kg1 67. Re7 Rh7 68. Rxh7 e1=Q 69. Rg7+ Kf2 70. Rf7+ Kg1 71. a8=Q Qe4+ 72.
Ka7 Qd4+ $11) 61... Kf2 62. Kd3 Rd8+ 63. Kc4 e2 $11 64. Kb5 e1=Q 65. Rxe1 Kxe1
66. Kb6 Kf2 67. Kb7 Kf3 68. a8=Q Rxa8 69. Kxa8 Kg4 70. h4 1/2-1/2

[Event "73rd ch-ARM 2013"]
[Site "Yerevan ARM"]
[Date "2013.01.18"]
[Round "6.4"]
[White "Kotanjian, Tigran"]
[Black "Hayrapetyan, Hovik"]
[Result "0-1"]
[WhiteElo "2518"]
[BlackElo "2488"]
[PlyCount "102"]
[EventDate "2013.01.12"]
[Source "Chess Today"]
[SourceDate "2013.01.21"]

1. d4 Nf6 2. c4 e6 3. Nc3 d5 4. cxd5 Nxd5 5. e4 Nxc3 6. bxc3 c5 7. Nf3 Be7 8.
Bd3 cxd4 9. cxd4 O-O 10. O-O b6 11. Bf4 Bb7 12. Rc1 Bd6 13. Bxd6 Qxd6 14. Qc2
Qa3 15. Qc7 Ba6 16. Rc3 Qxa2 17. Bb1 Qa5 18. Rfc1 Be2 19. e5 Na6 20. Qe7 Bxf3
21. gxf3 Nb4 22. Qh4 g6 23. f4 Nd5 24. Rh3 h5 25. Kh1 Rfc8 26. Rg1 Kf8 27. f5
exf5 28. Bxf5 gxf5 29. Qxh5 Ke7 30. Qg5+ Kd7 31. Qxf5+ Kc6 32. Qxf7 Rc7 33. Qf3
Kb7 34. e6 Rd8 35. Rh5 Kb8 36. Rf5 Qc3 37. Qe4 Ne7 38. Rf4 Qc6 39. Qxc6 Rxc6
40. Rf6 Nd5 41. Rf7 Rxe6 42. Rgg7 Rc6 43. Rb7+ Kc8 44. Rxa7 Nc7 45. Kg2 Kb8 46.
Ra4 b5 47. Rb4 Rc4 48. Rxc4 bxc4 49. h4 c3 50. Kf3 Rxd4 51. Ke2 Nd5 0-1

[Event "73rd ch-ARM 2013"]
[Site "Yerevan ARM"]
[Date "2013.01.19"]
[Round "7.2"]
[White "Hayrapetyan, Hovik"]
[Black "Petrosian, Tigran L"]
[Result "1/2-1/2"]
[WhiteElo "2488"]
[BlackElo "2648"]
[PlyCount "80"]
[EventDate "2013.01.12"]
[Source "Chess Today"]
[SourceDate "2013.01.21"]

1. d4 d5 2. Nf3 c6 3. e3 Nf6 4. Bd3 Bg4 5. c4 e6 6. O-O Nbd7 7. Nbd2 Bd6 8. h3
Bh5 9. b3 a5 10. Bb2 a4 11. Qc2 O-O 12. Ne5 Bg6 13. Nxg6 hxg6 14. c5 Bc7 15. f4
b6 16. cxb6 Nxb6 17. b4 a3 18. Bc3 Na4 19. Nf3 Bd6 20. Rab1 Qb6 21. Rb3 Nxc3
22. Qxc3 Ra4 23. Ne5 Rxb4 24. Rxb4 Bxb4 25. Qxc6 Qxc6 26. Nxc6 Bc3 27. Rf2 Bb2
28. Rc2 Nd7 29. Kf2 Ra8 30. Ke2 Kf8 31. Kd2 Rc8 32. Na7 Rxc2+ 33. Kxc2 Ke7 34.
Nb5 Nb8 35. Nc3 Nc6 36. Kb3 Na5+ 37. Kc2 Nc6 38. Kb3 Na5+ 39. Kc2 Nc6 40. Kb3
Na5+ 1/2-1/2

[Event "73rd ch-ARM 2013"]
[Site "Yerevan ARM"]
[Date "2013.01.19"]
[Round "7.5"]
[White "Melkumyan, Hrant"]
[Black "Pashikian, Arman"]
[Result "1-0"]
[WhiteElo "2656"]
[BlackElo "2607"]
[Annotator "Alex Baburin (www.chesstoday.net)"]
[PlyCount "179"]
[EventDate "2013.01.12"]
[Source "Chess Today"]
[SourceDate "2013.01.21"]

1. d4 Nf6 2. c4 e6 3. Nc3 Bb4 4. e3 O-O 5. Bd3 d5 6. Nf3 c5 7. O-O b6 8. cxd5
exd5 9. Ne2 c4 10. Bc2 Nbd7 11. Ne5 Qc7 12. f4 Ne4 13. a3 Be7 14. Nc3 Nxc3 15.
bxc3 f5 16. Qf3 Nf6 17. a4 Be6 18. Ba3 Bxa3 19. Rxa3 a6 20. h3 b5 21. Rb1 Qd6
22. Ra2 Rfb8 23. axb5 axb5 24. Rxa8 Rxa8 25. Rxb5 Qa3 26. Rb6 Re8 27. Qg3 Qc1+
28. Kh2 Qxc2 29. Rb7 Ng4+ 30. hxg4 fxg4 31. Qh4 Qf5 32. Qg5 Qxg5 33. fxg5 Kf8
34. Kg3 Ra8 35. Nd7+ Kg8 36. Nc5 Bf5 37. Kf4 Rf8 38. Re7 h5 39. Kg3 Ra8 40. Re5
g6 41. Rxd5 Re8 42. Kf2 h4 43. e4 Bxe4 44. Nxe4 Rxe4 45. g3 h3 46. Rd6 Kg7 47.
Rd7+ Kf8 48. Rc7 Re8 49. d5 Re4 50. Rc6 Kf7 51. Rf6+ Kg7 52. Rf4 Re5 {Diagram #
} {Instead of going for that line White made a natural-looking move -} 53. Rd4
({The game should be drawn after} 53. d6 Rd5 54. Rxg4 Rxd6 55. Rxc4 Rd1 56. Rh4
Rc1) {In fact, he eventually won after} 53... Rf5+ $2 ({But Black missed a
nice shot -} 53... Re1 $1 {Still, White is OK after} 54. Kxe1 h2 55. d6 h1=Q+
56. Ke2 Qg2+ 57. Kd1 Qf1+ 58. Kd2) 54. Kg1 Re5 55. Rxg4 Rxd5 56. Kh2 Rc5 57.
Kxh3 Kg8 58. Kh4 Kg7 59. Rd4 Kf7 60. Kg4 Kg7 61. Rd7+ Kf8 62. Rd6 Kg7 63. Rf6
Rc7 64. Kf4 Rc5 65. g4 Rc7 66. Rd6 Rc5 67. Re6 Kf7 68. Re5 Rc8 69. Ke4 $18 Rd8
70. Rc5 Re8+ 71. Kd5 Re3 72. Rxc4 Rd3+ 73. Kc6 Rf3 74. Kd5 Rd3+ 75. Ke4 Rg3 76.
Rc7+ Ke6 77. Rc6+ Kd7 78. Rxg6 Rxc3 79. Rf6 Rc5 80. Rf5 Rc4+ 81. Kf3 Rc3+ 82.
Kf4 Rc4+ 83. Kg3 Rc8 84. g6 Rg8 85. Kh4 Rxg6 86. Kh5 Rg8 87. g5 Ke7 88. g6 Rf8
89. Rxf8 Kxf8 90. Kh6 1-0

[Event "CRO Cup 14th"]
[Site "Sibenik"]
[Date "2005.05.31"]
[Round "2"]
[White "Smirin, Ilia"]
[Black "Dizdar, Goran"]
[Result "1-0"]
[WhiteElo "2649"]
[BlackElo "2524"]
[Annotator "Alex Baburin (www.chesstoday.net)"]
[PlyCount "49"]
[EventDate "2005.05.30"]
[EventType "team"]
[EventRounds "7"]
[EventCountry "CRO"]
[Source "Chess Today"]
[SourceDate "2013.01.21"]

1. e4 e6 2. d4 d5 3. Nd2 c5 4. Ngf3 cxd4 5. Nxd4 Nc6 6. Bb5 Bd7 7. Nxc6 Bxc6 8.
Bxc6+ bxc6 9. c4 Qa5 10. Qb3 Rd8 11. O-O Bd6 12. cxd5 cxd5 13. exd5 exd5 14.
Qb7 Ne7 15. Nb3 Qa4 16. Be3 O-O 17. Qxa7 Qh4 18. h3 Nf5 19. Rfe1 Qf6 20. Bc5
Qxb2 21. Bxd6 Rxd6 22. Qc5 h5 23. Rad1 Qxa2 24. Nd4 Rf6 {Diagram #} 25. Ra1 $1
(25. Ra1 $1 Qc4 26. Qxf8+ $1 Kxf8 27. Ra8+) 1-0